Railway Stations in Great Britain Starting with M - Statistics

General Stats
  • This quiz has been taken 104 times
  • The average score is 42 of 132
Answer Stats
County Passengers (2023/2024) Station % Correct
Greater Manchester 25,776,162 Manchester Piccadilly
94%
Berkshire 4,391,702 Maidenhead
84%
North Yorkshire 1,466,884 Middlesbrough
78%
Cheshire 1,354,394 Macclesfield
75%
City of London 8,228,538 Moorgate
75%
Greater Manchester 7,661,766 Manchester Victoria
72%
Nottinghamshire 313,788 Mansfield
72%
Kent 1,283,080 Maidstone East
69%
Greater Manchester 4,855,034 Manchester Airport
69%
Buckinghamshire 5,559,150 Milton Keynes Central
69%
Kent 796,536 Maidstone West
66%
Greater Manchester 5,096,436 Manchester Oxford Road
66%
Lancashire 163,926 Morecambe
66%
Suffolk 77,364 Melton
63%
North Yorkshire 292,956 Malton
59%
Kent 1,156,722 Margate
56%
Derbyshire 190,206 Matlock
56%
Leicestershire 234,804 Melton Mowbray
56%
Merthyr Tydfil 285,198 Merthyr Tydfil
53%
Lancashire 62,750 Mill Hill
53%
Greater London 378,574 Mitcham Junction
53%
Buckinghamshire 312,386 Marlow
50%
Surrey 177,744 Milford
50%
Merseyside 504,618 Moreton
50%
Dorset 74,244 Moreton
50%
Greater London 1,281,628 Mottingham
50%
Essex 452,940 Marks Tey
47%
Pembrokeshire 51,332 Milford Haven
47%
Powys 112,636 Machynlleth
44%
Essex 907,374 Manningtree
44%
Greater London 1,672,632 Mill Hill Broadway
44%
Northumberland 519,368 Morpeth
44%
North Lanarkshire 917,772 Motherwell
44%
Greater London 778,138 Motspur Park
44%
Kent 255,648 Maidstone Barracks
41%
Greater London 5,370,716 Manor Park
41%
Greater London 4,713,670 Maryland
41%
Derbyshire 71,396 Matlock Bath
41%
South Yorkshire 152,510 Mexborough
41%
Kent 84,238 Minster
41%
Greater London 1,220,286 Mitcham Eastfields
41%
Merseyside 5,641,652 Moorfields
41%
Greater London 69,862 Morden South
41%
Cambridgeshire 340,976 March
38%
West Yorkshire 163,520 Marsden
38%
South Yorkshire 1,678,346 Meadowhall
38%
Greater London 1,470,392 Mortlake
38%
Worcestershire 317,688 Malvern Link
34%
Tyne and Wear 35,892 Manors
34%
Leicestershire 882,598 Market Harborough
34%
Cambridgeshire 230,482 Meldreth
34%
East Dunbartonshire 736,148 Milngavie
34%
Buckinghamshire 13,724 Monks Risborough
34%
City of Bristol 231,630 Montpelier
34%
West Yorkshire 357,272 Mirfield
31%
Angus 311,448 Montrose
31%
Gloucestershire 295,574 Moreton-in-Marsh
31%
West Yorkshire 308,178 Morley
31%
Nottinghamshire 116,086 Mansfield Woodhouse
28%
Merthyr Tydfil 44,080 Merthyr Vale
28%
Greater London 454,232 Malden Manor
25%
Cambridgeshire 24,904 Manea
25%
Merseyside 370,048 Meols
25%
Kent 243,452 Meopham
25%
Greater London 472,130 Meridian Water
25%
Surrey 681,054 Merstham
25%
Hampshire 111,026 Micheldever
25%
Hampshire 29,128 Millbrook
25%
Bedfordshire 2,312 Millbrook
25%
Cheshire 19,578 Mobberley
25%
Greater Manchester 209,130 Mossley
25%
Lancashire 3,816 Moss Side
25%
Bridgend 153,798 Maesteg
22%
Bridgend 16,324 Maesteg (Ewenny Road)
22%
Dorset 21,672 Maiden Newton
22%
Pembrokeshire 8,154 Manorbier
22%
Cumbria 101,204 Maryport
22%
Wiltshire 63,350 Melksham
22%
Merseyside 82,292 Meols Cop
22%
Gwynedd 8,642 Morfa Mawddach
22%
Rhondda Cynon Taf 95,714 Mountain Ash
22%
East Lothian 450,760 Musselburgh
22%
Kent 446,330 Marden
19%
Fife 251,992 Markinch
19%
Greater Manchester 352,314 Marple
19%
West Midlands 568,130 Marston Green
19%
Kent 57,212 Martin Mill
19%
West Yorkshire 591,642 Menston
19%
South Lanarkshire 67,814 Merryton
19%
Tyne and Wear 518,700 MetroCentre
19%
Greater Manchester 19,218 Middlewood
19%
Gwynedd 15,982 Minffordd
19%
Hampshire 24,978 Mottisfont and Dunbridge
19%
East Sussex 372,954 Moulsecomb
19%
Glasgow City 1,030,152 Mount Florida
19%
Highland 52,306 Muir of Ord
19%
Highland 97,710 Mallaig
16%
Devon 62,640 Marsh Barton
16%
Berkshire 375,848 Martins Heron
16%
North Yorkshire 30,386 Marton
16%
South Ayrhsire 35,930 Maybole
16%
Greater London 1,248,782 Maze Hill
16%
Cornwall 4,598 Menheniot
16%
Berkshire 36,230 Midgham
16%
Cumbria 173,806 Millom
16%
Angus 35,392 Monifieth
16%
Devon 20,016 Morchard Road
16%
Berkshire 138,104 Mortimer
16%
Merseyside 182,850 Mossley Hill
16%
Glasgow City 140,884 Mosspark
16%
Cheshire 26,708 Mouldsworth
16%
Glasgow City 60,072 Mount Vernon
16%
Merseyside 1,228,806 Maghull
13%
Merseyside 269,222 Manor Road
13%
Lincolnshire 57,826 Market Rasen
13%
North Yorkshire 56,524 Marske
13%
Glasgow City 85,170 Maryhill
13%
Greater Manchester 302,858 Mauldeth Road
13%
West Yorkshire 200,086 Micklefield
13%
Greater Manchester 298,080 Mills Hill
13%
Essex 54,074 Mistley
13%
Greater Manchester 41,044 Moorside
13%
Greater Manchester 94,478 Moston
13%
Merseyside 660,404 Maghull North
9%
Glasgow City 93,826 Maxwell Park
9%
Renfrewshire 187,784 Milliken Park
9%
West Yorkshire 181,058 Moorthorpe
9%
Greater Manchester 32,468 Moses Gate
9%
West Yorkshire 169,260 Mytholmroyd
9%
Lincolnshire 67,488 Metheringham
6%
Highland 4,288 Morar
6%
Glasgow City 304,268 Muirend
6%
No matching quizzes found
Score Distribution
Percent of People with Each Score
Percentile by Number Answered
Your Score History
You have not taken this quiz